[Event "Paris-ch"]
[Site "Paris"]
[Date "2005.07.12"]
[Round "4"]
[White "Dudognon, Marc"]
[Black "Glicenstein, Asher"]
[Result "1/2-1/2"]
[WhiteElo "2227"]
[BlackElo "2301"]
[PlyCount "116"]
[EventDate "2005.07.10"]
[EventType "swiss"]
[EventRounds "9"]
[EventCountry "FRA"]
[SourceTitle "CBM 107 Extra"]
[Source "ChessBase"]
[SourceDate "2005.09.01"]
[SourceVersion "1"]
[SourceVersionDate "2005.09.01"]
[SourceQuality "1"]

1. e4 c5 2. Nf3 Nc6 3. d4 cxd4 4. Nxd4 e5 5. Nb5 d6 6. N1c3 a6 7. Na3 Be6 8. Nd5 Nf6 9. Bg5 Bxd5 10. Qxd5 Nxd5 11. Bxd8 Rxd8 12. exd5 Ne7 13. Bc4 f5 14. c3 g5 15. 0-0-0 Ng6 16. Nc2 g4 17. g3 Bh6+ 18. Kb1 0-0 19. h3 gxh3 20. Rxh3 Bg5 21. f3 Rde8 22. a4 Bf6 23. Re1 f4 24. Bd3 fxg3 25. Bxg6 hxg6 26. Rxg3 Kf7 27. Rh1 Rh8 28. Rgh3 Rxh3 29. Rxh3 e4 30. f4 g5 31. fxg5 Bxg5 32. Rh7+ Kf6 33. Rxb7 e3 34. Rb6 Ke5 35. Rxa6 e2 36. a5 Kxd5 37. Rb6 e1Q+ 38. Nxe1 Rxe1+ 39. Kc2 Bd8 40. Rb5+ Kc4 41. Rb4+ Kc5 42. Rb8 Bc7 43. b4+ Kc6 44. Rf8 Re5 45. Kb3 Re3 46. Rf6 Bd8 47. Rf8 Be7 48. Rc8+ Kd7 49. Rc4 d5 50. Rf4 Kc6 51. Kc2 Bg5 52. Rf5 Re2+ 53. Kb3 Bd8 54. Rf8 Be7 55. Rf3 Bg5 56. Rd3 Bc1 57. c4 dxc4+ 58. Kxc4 Re4+ 1/2-1/2

[Event "Paris-ch"]
[Site "Paris"]
[Date "2005.07.10"]
[Round "2"]
[White "Dudognon, Marc"]
[Black "Bakhmatov, Eduard"]
[Result "0-1"]
[WhiteElo "2227"]
[BlackElo "2373"]
[PlyCount "84"]
[EventDate "2005.07.10"]
[EventType "swiss"]
[EventRounds "9"]
[EventCountry "FRA"]
[SourceTitle "CBM 107 Extra"]
[Source "ChessBase"]
[SourceDate "2005.09.01"]
[SourceVersion "1"]
[SourceVersionDate "2005.09.01"]
[SourceQuality "1"]

1. d4 Nf6 2. Nf3 d6 3. g3 g6 4. Bg2 Bg7 5. 0-0 0-0 6. c4 Nbd7 7. Nc3 e5 8. dxe5 dxe5 9. b3 Re8 10. Bb2 c6 11. e3 Qe7 12. h3 Nf8 13. Qe2 N6d7 14. Rfd1 e4 15. Ne1 f5 16. Qc2 Ne5 17. Rd2 h5 18. h4 Be6 19. Ne2 g5 20. hxg5 Qxg5 21. Nf4 h4 22. gxh4 Qxh4 23. Rad1 Bf7 24. Rd6 Bh5 25. Nxh5 Qxh5 26. Kf1 Nfg6 27. Qe2 Ng4 28. Rxg6 Qxg6 29. Rd7 Bxb2 30. Qxb2 Rad8 31. Qd4 Nh2+ 32. Ke2 Rxd7 33. Qxd7 Qf7 34. Qd6 Qh5+ 35. Kd2 Ng4 36. f3 Nxe3 37. Qg3+ Kh8 38. fxe4 Nxg2 39. Nxg2 Rxe4 40. Qc3+ Kh7 41. Qg3 Rg4 42. Qf2 Qg5+ 0-1

[Event "Syre Memorial op 28th"]
[Site "Issy les Moulineaux"]
[Date "2005.05.05"]
[Round "1"]
[White "Dudognon, Marc"]
[Black "Ruin, Gilles"]
[Result "1-0"]
[WhiteElo "2201"]
[BlackElo "2047"]
[PlyCount "87"]
[EventDate "2005.05.05"]
[EventType "swiss"]
[EventRounds "6"]
[EventCountry "FRA"]
[SourceTitle "EXT 2007"]
[Source "ChessBase"]
[SourceDate "2006.11.23"]
[SourceVersion "1"]
[SourceVersionDate "2006.11.23"]
[SourceQuality "1"]

1. d4 g6 2. e4 Bg7 3. c4 d6 4. Be3 Nc6 5. Ne2 e5 6. d5 Nce7 7. Nbc3 f5 8. f3 Nf6 9. Qd2 0-0 10. 0-0-0 f4 11. Bf2 g5 12. Kb1 b6 13. Nc1 Ng6 14. Be2 g4 15. a3 Kh8 16. b4 a5 17. Kb2 axb4 18. axb4 Qe7 19. Nb3 gxf3 20. gxf3 Bh3 21. Ra1 Rfb8 22. Rhc1 Qf8 23. Nb5 Qc8 24. Na7 Qb7 25. Nc6 Rxa1 26. Rxa1 Ra8 27. Qc1 Bd7 28. b5 Bxc6 29. dxc6 Qc8 30. Bf1 Ne7 31. Kc3 Rxa1 32. Qxa1 d5 33. cxd5 Nfxd5+ 34. exd5 Nxd5+ 35. Kd2 Qd8 36. Kc1 Nb4 37. Bc4 h6 38. Qb1 e4 39. Qxe4 Na2+ 40. Kc2 Nb4+ 41. Kb1 Qd1+ 42. Nc1 Qd2 43. Qe8+ Kh7 44. Bg8+ 1-0

[Event "Syre Memorial op 28th"]
[Site "Issy les Moulineaux"]
[Date "2005.05.05"]
[Round "2"]
[White "Shchekachev, Andrei"]
[Black "Dudognon, Marc"]
[Result "1-0"]
[WhiteElo "2526"]
[BlackElo "2201"]
[PlyCount "65"]
[EventDate "2005.05.05"]
[EventType "swiss"]
[EventRounds "6"]
[EventCountry "FRA"]
[SourceTitle "EXT 2007"]
[Source "ChessBase"]
[SourceDate "2006.11.23"]
[SourceVersion "1"]
[SourceVersionDate "2006.11.23"]
[SourceQuality "1"]

1. Nf3 Nf6 2. c4 e6 3. Nc3 d5 4. d4 dxc4 5. e3 Nbd7 6. Bxc4 Bb4 7. 0-0 0-0 8. Qe2 Nb6 9. Bd3 g6 10. e4 Be7 11. Bh6 Re8 12. Rad1 Nbd7 13. e5 Nh5 14. d5 Ng7 15. Bxg7 Kxg7 16. dxe6 fxe6 17. Bc4 Bc5 18. Ne4 Qe7 19. h4 h6 20. Bb5 c6 21. Bd3 Rf8 22. Bb1 b6 23. Nxc5 Nxc5 24. Qc2 Qe8 25. Rd8 Qf7 26. Rd4 a5 27. Rfd1 Rg8 28. Rf4 Qxf4 29. Qxg6+ Kf8 30. Rd8+ Ke7 31. Rxg8 Qc1+ 32. Kh2 Kd7 33. Qf7# 1-0